000 00519nam a2200145 a 4500
001 000028989
005 20200930055248.0
008 110413s1997 dr r 000 0 spa d
040 _aDO-SdBNP
_bspa
_cBNPHU
082 _axxxx
_bS173
245 0 0 _aSalomé Ureña :
_ben el centenario de su muerte 1897-1997 /
_cpresentación Glagys Gutiérrez.
260 _a[Santo Domingo] :
_bDirección General de Promoción de la Mujer :
_bEduc-Mujer :
_bSEEBAC,
_c1997.
300 _a43 p. ;
_c22 cm.
700 1 _aGutiérrez, Glagys
_955914
999 _c28481
_d28481